000 00230nam a22000977a 4500
008 221128b |||||||| |||| 00| 0 eng d
020 _a9781421592541
100 _aToriiyama Akira
_97635
245 _aDragonball Super
260 _c2021
999 _c12165
_d12165